UBT Library

Climate and human variability / (Record no. 91)

000 -LEADER
fixed length control field 00674cam a2200229 i 4500
005 - DATE AND TIME OF LATEST TRANSACTION
control field 20131010080948.0
008 - FIXED-LENGTH DATA ELEMENTS--GENERAL INFORMATION
fixed length control field 780504s1978 cau b 001 0 eng
041 0# - LANGUAGE CODE
Language code of text/sound track or separate title eng
080 ## - UNIVERSAL DECIMAL CLASSIFICATION NUMBER
Universal Decimal Classification number 159.9
100 1# - Rafti
Rafti Roberts, D. F.
100 1# - Rafti
-- (Derek Frank)
245 10 - TITLE STATEMENT
Title Climate and human variability /
Statement of responsibility, etc D. F. Roberts.
250 ## -
-- 2d ed.
260 ## -
-- Menlo Park, Calif. :
-- Cummings Pub. Co.,
-- c1978.
300 ## -
-- 123 p. :
-- graphs ;
-- 21 cm.
490 0# -
-- Cummings modular program in anthropology
500 ## -
-- Preface f. : [I]
500 ## -
-- Includes indexes.
504 ## - BIBLIOGRAPHY, ETC. NOTE
Bibliography, etc Bibliography: p. 98-110.
650 #0 -
-- Njeriu
-- Ndikimi i klimës
650 #0 -
-- Psikologjia
942 ## - ADDED ENTRY ELEMENTS (KOHA)
Source of classification or shelving scheme
Item type Books
Holdings
Withdrawn status Lost status Source of classification or shelving scheme Damaged status Not for loan Collection code Permanent location Current location Shelving location Date acquired Total Checkouts Full call number Barcode Date last seen Price effective from Koha item type
          Koleksioni i përgjithshem UBT - Prishtine UBT - Prishtine Koleksioni i përgjithshem 10/10/2013   159.9 ROB 001-000081 10/10/2013 10/10/2013 Books
UBT Library © 2015-2024. All rights reserved University Education for Business and Technology